Cocktail in bunt, Gemixtes. (Record no. 5515)

MARC details
000 -LEADER
fixed length control field 00682cam a22002291 4500
001 - CONTROL NUMBER
control field af 48003320
003 - CONTROL NUMBER IDENTIFIER
control field DLC
005 - DATE AND TIME OF LATEST TRANSACTION
control field 20260227110901.0
008 - FIXED-LENGTH DATA ELEMENTS--GENERAL INFORMATION
fixed length control field 900315s1944 gw 000 0 ger c
010 ## - LIBRARY OF CONGRESS CONTROL NUMBER
LC control number af 48003320
035 ## - SYSTEM CONTROL NUMBER
System control number (OCoLC)21218589
040 ## - CATALOGING SOURCE
Original cataloging agency California Univ. Libr.
Transcribing agency CU
Modifying agency DLC
041 1# - LANGUAGE CODE
Language code of text/sound track or separate title ger
Language code of original swe
042 ## - AUTHENTICATION CODE
Authentication code premarc
050 00 - LIBRARY OF CONGRESS CALL NUMBER
Classification number PT9875.Z4
Item number C6
100 1# - MAIN ENTRY--PERSONAL NAME
Personal name Zetterström, Hasse,
Dates associated with a name 1877-1946.
245 10 - TITLE STATEMENT
Title Cocktail in bunt, Gemixtes.
Statement of responsibility, etc. [Aus dem Schwedischen übertragen von A. Eskil Avenstrup]
250 ## - EDITION STATEMENT
Edition statement Feldpost-Ausgabe.
260 ## - PUBLICATION, DISTRIBUTION, ETC.
Place of publication, distribution, etc. Berlin,
Name of publisher, distributor, etc. Buchwarte-Verlag
Date of publication, distribution, etc. [1944]
300 ## - PHYSICAL DESCRIPTION
Extent 110 p.
Dimensions 19 cm.
700 1# - ADDED ENTRY--PERSONAL NAME
Personal name Avenstrup, Åge Eskil,
Dates associated with a name 1876-
Relator term tr.

No items available.

Powered by Koha